| 000 | 01282nam a22003497a 4500 | ||
|---|---|---|---|
| 003 | CHAP | ||
| 005 | 20220329143347.0 | ||
| 008 | 081217s2007 co r 00010 spa d | ||
| 010 | _a95509 | ||
| 011 | _a96481 | ||
| 020 | _a9586484602 | ||
| 035 | _a107135 | ||
| 040 | _cCHAP | ||
| 082 | 0 | 4 |
_a658.562 _bV42 |
| 100 | 1 |
_aVargas Quiñones, Martha Elena. _9118084 |
|
| 245 | 1 | 0 |
_aCalidad y servicio _bconceptos y herramientas _c/por Martha Elena Vargas Quiñones y Luzángela Aldana de Vega |
| 260 |
_aBogotá, Col. _bUniversidad de la Sabana _c2007 |
||
| 300 |
_ax, 152 p. : _bgráfs. |
||
| 590 |
_aBATCH-UPD _b10 _c20130110 _lUCH01 _h0633 |
||
| 590 |
_aBATCH-UPD _b10 _c20130410 _lUCH01 _h0316 |
||
| 590 |
_aBATCH-UPD _b10 _c20130410 _lUCH01 _h1631 |
||
| 590 |
_aBATCH-UPD _b10 _c20130914 _lUCH01 _h0001 |
||
| 590 |
_aCONVERSION _b10 _c20130109 _lUCH01 _h1353 |
||
| 650 | 1 | 4 |
_aCalidad _xControl de la. _917484 |
| 650 | 1 | 4 |
_aIndustria _xAdministración. _957683 |
| 650 | 1 | 4 |
_aIndustrias manufactureras. _958008 |
| 700 | 1 |
_aAldana de Vega, Luzángela. _93679 |
|
| 901 | _aBK | ||
| 942 | _cLIBRO | ||
| 949 |
_a658.562 V42 _bBC _cLIBRO _d33724002068149 _eLIBRO _gI.c/e _h110105 _i107135 _si _t$171.60 |
||
| 949 |
_a658.562 V42 _bBC _cLIBRO _d33724002068181 _eLIBRO _fc.2 _gI.c/e _h110106 _i107135 _si _t$171.60 |
||
| 999 |
_c95509 _d95509 |
||